|
|
|
|
| LEADER |
00000nab a2200000 a 4500 |
| 001 |
vtls010716290 |
| 003 |
SK-MaSNL |
| 005 |
20260304192954.0 |
| 008 |
250709s2003 xo |||||||||||||||||slo| |
| 035 |
|
|
|a (urnnbn)urn:nbn:sk:snk:ar-a04mqt
|
| 035 |
|
|
|a (uuid)bfd1ea2d-0aa4-4239-9efc-e0f26a86f4b5
|
| 035 |
|
|
|a urn:nbn:sk:snk-ab3ibm
|
| 040 |
|
|
|a SNKBUCL
|b slo
|c SNKBUCL
|e AACR2
|
| 041 |
0 |
|
|a eng
|
| 044 |
|
|
|a xo
|c SK
|
| 100 |
1 |
|
|a Mikulášek, Zdeněk
|4 aut
|9 1366518
|
| 245 |
1 |
0 |
|a Atmospheric extinction at the Brno and Skalnaté Pleso observatories :
|b III. A model of Skalnaté Pleso extinction derived from IHW/IAU medium-band photometrical observations of comets in 1985-90
|c Z. Mikulášek, J. Svoreň, J. Žižňovský
|
| 700 |
1 |
|
|a Svoreň, Ján,
|d 1949-
|4 aut
|9 118177
|
| 700 |
1 |
|
|a Žižňovský, Jozef,
|d 1946-2013
|4 aut
|9 183181
|
| 773 |
0 |
|
|t Contributions of the Astronomical Observatory Skalnaté Pleso
|g Roč. 33, č. 1 (2003), s. [21]-28
|
| 850 |
|
|
|a Slovenská národná knižnica
|
| 852 |
|
|
|a Slovenská národná knižnica
|
| 958 |
|
|
|a article1
|
| 958 |
|
|
|a OND
|
| 958 |
|
|
|a EUIPO
|
| 999 |
|
|
|c 3064920
|d 3066850
|